000 00440nam a2200181Ia 4500
001 23573
003 GE_BSU
008 181216s||||||||xx |||||||||||||| ||und||
040 _cGE_BSU
245 _aLe point, 20 septembre 2403. 2018
260 _aparis
260 _c2018
300 _a98p;ill;27cm;
653 _aLe point, 20 septembre 2403. 2018
653 _aПериодика
653 _aპერიოდიკა
942 _cCR
999 _c56460
_d56460